00982nam a22002772i 45000010005000000030006000050050017000110080041000280200015000690350035000840400023001190410008001420820021001501000028001712450081001992600028002803000050003085040040003586500041003986500044004396500042004837100018005259420012005439990015005559520134005706759UkOxU20211208234316.0120114s1979 fr af b 000 0 eng d a9231017268 aOCLC ocm05777882 from D941122M aDLCcDLCdEQObeng aeng a338.91bBES 19791 aBehrman, Daniel.92126210aScience and technology in development :ba Unesco approach /cDaniel Behrman aParis :bUnesco,cc1979 a104 p., [6] leaves of plates :bill. ;c21 cm aIncludes bibliographical references 0aSciencezDeveloping countries921263 0aTechnologyzDeveloping countries921264 0aResearchzDeveloping countries9212652 aUnesco.91489 2ddccBK c6759d6759 00102ddc40718NFICaRUCLbRUCLcreadingd1982-06-09eUnicef giftl0o338.91 BES 1979r2014-01-12 00:00:00tC-1w2014-01-12yBK